Statistics for Countries Containing U

Click here to take the quiz!

General Stats

  • This quiz has been taken 340 times
    (320 since last reset)
  • The average score is 51 of 59

Answer Stats

Country% Correct
United Kingdom
98%
Uruguay
95%
Australia
94%
Austria
94%
South Africa
94%
United Arab Emirates
94%
Honduras
93%
South Sudan
93%
Turkey
93%
Bhutan
92%
Paraguay
92%
South Korea
92%
Sudan
92%
Uganda
92%
Antigua and Barbuda
90%
Guinea
90%
Russia
90%
Belarus
89%
Burundi
89%
Luxembourg
89%
Mauritius
89%
Portugal
89%
Cuba
88%
Democratic Republic of the Congo
88%
Ecuador
88%
Guatemala
88%
Turkmenistan
88%
Uzbekistan
88%
Belgium
87%
Dominican Republic
87%
Kuwait
87%
Mauritania
87%
Bulgaria
86%
Equatorial Guinea
86%
Guinea Bissau
86%
Nauru
86%
Burkina Faso
84%
Lithuania
84%
Nicaragua
84%
Republic of the Congo
84%
Tuvalu
84%
Papua New Guinea
83%
Saudi Arabia
83%
Ukraine
83%
Hungary
82%
Palau
82%
Tunisia
82%
Vanuatu
82%
Djibouti
81%
Central African Republic
80%
United States of America
80%
Peru
78%
Suriname
78%
Guyana
77%
Venezuela
77%
Brunei
75%
Saint Lucia
75%
Czech Republic
72%
Mozambique
59%

Score Distribution

Percentile by Number Answered

Percent of People with Each Score

Your Score History

You have not taken this quiz since the last reset